Diseño de un molde de inyección para fabricar cajas plásticas para conexiones eléctricas (tipo rectangular de 5 cm x 10 cm)
সংরক্ষণ করুন:
| প্রধান লেখক: | |
|---|---|
| অন্যান্য লেখক: | |
| বিন্যাস: | গ্রন্থ |
| প্রকাশিত: |
[San José , Costa Rica]
1995
|
| বিষয়গুলি: | |
| ট্যাগগুলো: |
ট্যাগ যুক্ত করুন
কোনো ট্যাগ নেই, প্রথমজন হিসাবে ট্যাগ করুন!
|
MARC
| LEADER | 00000nam a2200000Ia 4500 | ||
|---|---|---|---|
| 003 | 007936 | ||
| 005 | 20221231144252.0 | ||
| 008 | 140114s1995 cr a m 000 ||s d | ||
| 040 | |c cru CEDI | ||
| 090 | |a TFG 3317 | ||
| 100 | |a Fonseca Brid, Orlando |9 10629 | ||
| 245 | |a Diseño de un molde de inyección para fabricar cajas plásticas para conexiones eléctricas (tipo rectangular de 5 cm x 10 cm) | ||
| 260 | |c 1995 |a [San José , Costa Rica] | ||
| 300 | |a xvii, [136] hojas | ||
| 500 | |a Proyecto de graduación (licenciatura en ingeniería mecánica)--Universidad de Costa Rica. Facultad de Ingeniería. Escuela de Ingeniería Mecánica | ||
| 650 | |x MOLDEO DE PLASTICOS |9 10632 | ||
| 700 | |9 10630 |a Solano Palavicini, Juan Carlos | ||
| 942 | |c TFG | ||
| 999 | |c 19346 |d 19346 | ||
